000
00325nam a2200133 i 4500
001
bg
100
1
_a
SKOROCHOD, A. V.
245
0
_a
Integrirovanie v gil'bertovom prostranstvie /
_c
A.V. Skorochod.
260
_a
Moskva,
_c
1975.
040
_c
BPK
041
_a
pol
942
_c
KS
008
s pl f |000 0 pol
999
_c
26983
_d
26983